MARC details
| 000 -CABECERA |
| campo de control de longitud fija |
05038nam a2200457 a 4500 |
| 001 - NÚMERO DE CONTROL |
| campo de control |
dia_7821 |
| 003 - IDENTIFICADOR DEL NÚMERO DE CONTROL |
| campo de control |
CHAP |
| 005 - FECHA Y HORA DE LA ÚLTIMA TRANSACCIÓN |
| campo de control |
20240618125117.0 |
| 007 - CAMPO FIJO DE DESCRIPCIÓN FÍSICA--INFORMACIÓN GENERAL |
| campo de control de longitud fija |
ta |
| 008 - DATOS DE LONGITUD FIJA--INFORMACIÓN GENERAL |
| campo de control de longitud fija |
220601s2019 mx od fsm 001 0 spa d |
| 040 ## - FUENTE DE LA CATALOGACIÓN |
| Centro catalogador/agencia de origen |
mxchpua |
| Centro/agencia transcriptor |
CHAP |
| Normas de descripción |
rda |
| 041 0# - CÓDIGO DE LENGUA |
| Código de lengua del texto/banda sonora o título independiente |
spa |
| Código de lengua del sumario o resumen |
eng |
| 090 ## - LOCALMENTE ASIGNADO TIPO-LC NÚMERO DE CLASIFICACIÓN (OCLC); NÚMERO DE CLASIFICACIÓN LOCAL (RLIN) |
| Número de clasificación (OCLC) (R) ; Numero de clasificación, CALL (RLIN) (NR) |
Tesis |
| Número cutter local (OCLC) ; Número de libro/Signatura topográfica íntegra, CALL (RLIN) |
G37 |
| año |
2019 |
| 100 1# - ENTRADA PRINCIPAL--NOMBRE DE PERSONA |
| Nombre de persona |
García Maceda, Guadalupe |
| 240 10 - TÍTULO UNIFORME |
| Título uniforme |
Flour development from seeds of Leucanea esculenta (DC) benth for food use. |
| Lenguaje de la obra |
Español |
| 245 10 - MENCIÓN DE TÍTULO |
| Título |
Desarrollo de una harina de semilla de guaje Leucaena esculenta para uso alimenticio / |
| Mención de responsabilidad, etc. |
Guadalupe García Maceda |
| 264 ## - PRODUCCIÓN, PUBLICACIÓN, DISTRIBUCIÓN, FABRICACIÓN Y COPYRIGHT |
| Producción, publicación, distribución, fabricación y copyright |
Chapingo, México : |
| Nombre del de productor, editor, distribuidor, fabricante |
El autor, |
| Fecha de producción, publicación, distribución, fabricación o copyright |
2019 |
| 300 ## - DESCRIPCIÓN FÍSICA |
| Extensión |
xi, 92 hojas : |
| Otras características físicas |
ilustraciones, fotos + |
| Material acompañante/anejo |
1 CD-ROM |
| 336 ## - TIPO DE CONTENIDO |
| Fuente |
rdacontent |
| Término de tipo de contenido |
texto |
| Código de tipo de contenido |
txt |
| 337 ## - TIPO DE MEDIO |
| Fuente |
rdamedia |
| Nombre/término del tipo de medio |
no mediado |
| Código del tipo de medio |
n |
| 338 ## - TIPO DE SOPORTE |
| Fuente |
rdacarrier |
| Nombre/término del tipo de soporte |
volumen |
| Código del tipo de soporte |
nc |
| 500 ## - NOTA GENERAL |
| Nota general |
El CD contiene artículo y reporte |
| 502 ## - NOTA DE TESIS |
| Nota de tesis |
Tesis |
| Tipo de título |
(Maestro en Ciencia y Tecnología Agroalimentaría) -- |
| Nombre de la institución que otorga el título |
UACh. Departamento de Ingeniería Agroindustrial, |
| Año de obtención del título |
2019 |
| 504 ## - NOTA DE BIBLIOGRAFÍA, ETC. |
| Nota de bibliografía, etc. |
Incluye bibliografías |
| 520 3# - SUMARIO, ETC. |
| Sumario, etc. |
Las semillas de Leucaena esculenta, pertenecientes a la familia Leguminosae, se caracterizan por su alto valor nutritivo. En diferentes comunidades de México se consumen frescas, sin embargo, las semillas secas son subutilizadas. El objetivo de esta investigación fue modificar algunas propiedades nutricionales de las semillas secas de Leucaena esculenta, mediante un proceso termoalcalino, para la obtención de una harina útil en la preparación de alimentos. Para optimizar el proceso termoalcalino se aplicó el diseño San Cristóbal, teniendo como respuestas el calcio y la proteína. Las propiedades nutricionales y nutracéuticas de las semillas procesadas fueron comparadas con aquellas de las semillas sin procesar, además, en las semillas procesadasse evaluó la toxicidad y se aislaron las fracciones proteicas. De acuerdo con los resultados, las condiciones óptimas del proceso termoalcalino fueron las siguientes: para 100 g de semillas se utilizó una solución (300 mL) de óxido calcio a una concentración de 0.004 g mL-1, 42 minutos de cocción y 8 h de reposo. En la harina de semillas secas con proceso termoalcalino el calcio aumentó en un 85 %, la fibra cruda fue 14.89 % menor, además se determinó que el ácido graso más abundante fue el linoleico (35.80 %) y que las fraccionesproteicas mayoritarias corresponden a las glutelinas (56.40 %). Finalmente, la mimosina, aminoácido tóxico presente en las plantas del género Leucaena, no presentó diferencias significativas respecto a las semillas sin procesar. El desarrollo de esta harina, mediante la optimización del proceso termoalcalino, permitirá dar un uso alternativo a las semillas secas de Leucaena esculenta. |
| 520 3# - SUMARIO, ETC. |
| Sumario, etc. |
Seeds of Leucaena esculenta belong to the Leguminosae family and they have a high nutritional value. Fresh seeds are consumed in different communities of Mexico; however, dried seeds are underutilized. The objective of this research was to modify some nutritional properties of the dried seeds of Leucaena esculenta by a thermal-alkaline process, in order to obtain a useful flour for food preparation. A San Cristóbal design was used to optimize the thermal-alkaline process with calcium and protein as response variables. The nutritional andnutraceutical properties of the processed seeds (thermal-alkaline) were compared with those of the unprocessed raw seeds, in addition, in the processed seeds the toxicity was evaluated and the protein fractions were isolated. The optimal conditions of the thermal-alkaline process were: for 100 g of seeds a solution (300mL) of calcium oxide at a concentration of 0.004 g mL-1, 42 minutes of cooking and 8 h of rest. Calcium increased in 85 %, in flour of dry seeds with thermalalkaline process, crude fiber was 14.89 % smaller with respect to the unprocessed seeds. In addition it was determined that the most abundant fatty acid was thelinoleic (35.80 %) and that the majority protein fractions correspond to the glutelins (56.40 %). Finally, mimosine, a toxic amino acid present in seeds of the genus Leucaena did not present significant differences regarding the unprocessed seeds. The development of this flour, through the optimization of the thermalalkaline process, may be an alternative for the utilization of dry seeds of Leucaena esculenta. |
| 650 13 - PUNTO DE ACCESO ADICIONAL DE MATERIA--TÉRMINO DE MATERIA |
| Término de materia o nombre geográfico como elemento de entrada |
Leucaena esculenta |
| Fuente del encabezamiento o término |
atg |
| 650 13 - PUNTO DE ACCESO ADICIONAL DE MATERIA--TÉRMINO DE MATERIA |
| Término de materia o nombre geográfico como elemento de entrada |
Leucaena esculenta |
| Subdivisión general |
Harina |
| Fuente del encabezamiento o término |
atg |
| 650 13 - PUNTO DE ACCESO ADICIONAL DE MATERIA--TÉRMINO DE MATERIA |
| Término de materia o nombre geográfico como elemento de entrada |
Industria molinera |
| Fuente del encabezamiento o término |
atg |
| 650 13 - PUNTO DE ACCESO ADICIONAL DE MATERIA--TÉRMINO DE MATERIA |
| Término de materia o nombre geográfico como elemento de entrada |
Leucaena esculenta |
| Subdivisión general |
Flour |
| Fuente del encabezamiento o término |
atg |
| 650 10 - PUNTO DE ACCESO ADICIONAL DE MATERIA--TÉRMINO DE MATERIA |
| Término de materia o nombre geográfico como elemento de entrada |
Milling industry |
| Fuente del encabezamiento o término |
atg |
| 700 1# - PUNTO DE ACCESO ADICIONAL--NOMBRE DE PERSONA |
| Nombre de persona |
Guerra Ramírez, Diana |
| Término indicativo de función/relación |
directora |
| 700 1# - PUNTO DE ACCESO ADICIONAL--NOMBRE DE PERSONA |
| Nombre de persona |
Ybarra Moncada, Ma. Carmen |
| Término indicativo de función/relación |
asesora |
| 700 1# - PUNTO DE ACCESO ADICIONAL--NOMBRE DE PERSONA |
| Nombre de persona |
Casañas Pimentel, Rocio Guadalupe |
| Término indicativo de función/relación |
asesora |
| 856 41 - LOCALIZACIÓN Y ACCESO ELECTRÓNICOS |
| Identificador Uniforme del Recurso |
<a href="http://10.13.5.2/tesis/tm/OPTIMIZACIONGUAJE.pdf">http://10.13.5.2/tesis/tm/OPTIMIZACIONGUAJE.pdf</a> |
| Texto de enlace |
DESCARGAR PDF |
| 901 ## - ELEMENTOS DE DATOS A LOCAL LDA (RLIN) |
| a |
TESIS G37 2019 |
| 942 ## - ELEMENTOS DE PUNTO DE ACCESO ADICIONAL (KOHA) |
| Tipo de ítem Koha |
TESIS |
| Fuente del sistema de clasificación o colocación |
Clasificación Universidad Autónoma Chapingo |
| 902 ## - ELEMENTOS DE DATOS B LOCAL, LDB (RLIN) |
| a |
A |
| 905 ## - ELEMENTOS DE DATOS E LOCAL, LDE (RLIN) |
| a |
5232272019 MX DNML8223123322SPA16 |